Para leer al Pato Donald
Zapisane w:
| 1. autor: | |
|---|---|
| Kolejni autorzy: | |
| Format: | Książka |
| Język: | hiszpański |
| Wydane: |
Valparaíso
Universitarias de Valparaíso
1971
|
| Wydanie: | 1a. ed |
| Seria: | Colección Aula Abierta
|
| Hasła przedmiotowe: | |
| Etykiety: |
Dodaj etykietę
Nie ma etykietki, Dołącz pierwszą etykiete!
|
MARC
| LEADER | 00000cam a2200000 a 4500 | ||
|---|---|---|---|
| 001 | UCP1155 | ||
| 003 | CL-VaPUC | ||
| 008 | 990401e19710000CL |||||||||||||||||spa|d | ||
| 082 | 0 | 4 | |a 302.2 |b DOR |2 21 |
| 100 | 0 | |a Dorfman, Ariel |e author |9 427021 | |
| 700 | |a Mattelart, Armand |e autor |9 600350 | ||
| 245 | 1 | 0 | |a Para leer al Pato Donald |
| 250 | |a 1a. ed | ||
| 300 | |a 163 p | ||
| 942 | |c BK | ||
| 945 | |d 19990401 00:00:00 |a rbrito | ||
| 260 | |a Valparaíso |b Universitarias de Valparaíso |c 1971 | ||
| 600 | 0 | |a Disney, Walt |9 266423 | |
| 650 | 0 | |a Medios de comunicación |9 257206 | |
| 650 | 0 | |a Comunicación social |9 334226 | |
| 650 | 0 | |a Influencia social |9 309315 | |
| 650 | 0 | |a Literatura infantil |9 307465 | |
| 650 | 0 | |a Crítica literaria |9 269189 | |
| 650 | 0 | |a Cómics |9 369534 | |
| 583 | |a last modification |c 20121228 08:52:40 |k Rodrigo Vera | ||
| 490 | 0 | |a Colección Aula Abierta | |
| 999 | |c 279867 |d 279865 | ||
| 952 | |0 0 |1 0 |4 0 |6 302_200000000000000_DOR_1971 |7 0 |8 A |9 319697 |a BIBCUR |b BIBCUR |d 2019-11-20 |i 3496686 |o 302.2 DOR 1971 |p 3496686 |r 2025-04-22 |w 2019-11-20 |y BK |k PER | ||
| 952 | |0 0 |1 0 |4 0 |6 302_200000000000000_DOR_1971 |7 0 |8 A |9 319698 |a BIBCUR |b BIBCUR |d 2019-11-20 |i 3496694 |o 302.2 DOR 1971 |p 3496694 |r 2025-04-22 |w 2019-11-20 |y BK |k PER | ||
| 952 | |0 0 |1 0 |4 0 |6 302_200000000000000_DOR_1971 |7 0 |8 X |9 319699 |a FDOBUD |b FDOBUD |d 2019-11-20 |i 1023942 |o 302.2 DOR 1971 |p 1023942 |r 2019-11-20 |w 2019-11-20 |y BK_X |k BUD | ||
| 952 | |0 0 |1 0 |4 0 |6 302_200000000000000_DOR_1971 |7 0 |8 X |9 319700 |a FDOBUD |b FDOBUD |d 2019-11-20 |i 4547284 |o 302.2 DOR 1971 |p 4547284 |r 2019-11-20 |w 2019-11-20 |y BK_X |k BUD | ||